000 00387nam a2200157Ia 4500
008 221030s9999 xx 000 0 und d
020 _a8121917786
041 _aEnglish
082 _a105.23
_bXav
100 _aS. P. E. Xavier
245 0 _aPrinciples of Control Systems
_cby S. P. E. Xavier
260 _bS.Chand & Co.
_aNew Delhi
_c180
300 _a514
650 _aEE
942 _cBK
999 _c6076
_d6076